Loading...

Partial differential equations and related topics

Bibliographic Details
Other Authors: Goldstein, Jerome A (Editor)
Format: Printed Book
Published: Springer-Verlag, Berlin 1975
Series:Lecture Notes in Mathematics, No.0446
Subjects:
LEADER 00561nam a2200169 4500
082 |a R LNM.0446 
100 |a Goldstein, Jerome A,   |e Editor 
245 |a Partial differential equations and related topics  |c Jerome A Goldstein  
250
260 |a Springer-Verlag, Berlin  |c 1975 
300
490 |a Lecture Notes in Mathematics, No.0446 
650 |a Lecture Notes in Mathematics 
700 |e Editor 
942 |c BK 
999 |c 201420  |d 201420 
952 |0 0  |1 0  |4 0  |6 R_LNM_0446_000000000000000  |7 0  |9 214769  |a MAT  |b MAT  |l 0  |o R LNM.0446  |p MAT2482  |r 2019-11-01  |w 2019-11-01  |y BK